Le avventure di prigionia del giovane Tenente Magnani
Uloženo v:
| Hlavní autor: | |
|---|---|
| Médium: | Kniha |
| Jazyk: | neznámý jazyk |
| Vydáno: |
Milano
Il dito e la luna
1998
|
| Tagy: |
Žádné tagy, Buďte první, kdo vytvoří štítek k tomuto záznamu!
|
MARC
| LEADER | 00000nam a2200000Ia 4500 | ||
|---|---|---|---|
| 001 | 378 | ||
| 003 | NUMERAZIONE-ORIGINALE-BRESCIA | ||
| 005 | 20260206230752.0 | ||
| 008 | 260206s9999 xx 000 0 und d | ||
| 100 | |a Tripeleff | ||
| 245 | 0 | |a Le avventure di prigionia del giovane Tenente Magnani | |
| 260 | |a Milano | ||
| 260 | |b Il dito e la luna | ||
| 260 | |c 1998 | ||
| 500 | |a Storie erotiche tra uomini | ||
| 942 | |2 ddc |c BK |n 0 | ||
| 952 | |0 0 |1 0 |2 ddc |4 0 |6 14 |7 0 |9 28577 |a BS |b BS |d 2026-02-06 |i 378 |l 0 |o 1-4-* |r 2026-02-06 22:40:38 |w 2026-02-06 |x [REVISIONARE] |y BK | ||
| 999 | |c 24239 |d 24239 | ||